Mauvais lecteurs, Pourquoi? (Record no. 190)

MARC details
000 -LEADER
fixed length control field 00718nam a2200265 4500
008 - FIXED-LENGTH DATA ELEMENTS--GENERAL INFORMATION
fixed length control field s1996 fr fre u
020 ## - INTERNATIONAL STANDARD BOOK NUMBER
International Standard Book Number 213047683X
020 ## - INTERNATIONAL STANDARD BOOK NUMBER
International Standard Book Number 9782130476832
040 ## - CATALOGING SOURCE
Original cataloging agency LB-BrCRDP
082 1# - DEWEY DECIMAL CLASSIFICATION NUMBER
Classification number 370.15
Item number FIJ
100 1# - MAIN ENTRY--PERSONAL NAME
Personal name Fijalkow, Jacques
245 10 - TITLE STATEMENT
Title Mauvais lecteurs, Pourquoi?
Statement of responsibility, etc. Jacques Fijalkow
250 ## - EDITION STATEMENT
Edition statement 3e éd.
260 ## - PUBLICATION, DISTRIBUTION, ETC.
Place of publication, distribution, etc. Paris
Name of publisher, distributor, etc. Puf
Date of publication, distribution, etc. 1996
300 ## - PHYSICAL DESCRIPTION
Extent 276 p.
Dimensions 22 cm
490 0# - SERIES STATEMENT
Series statement Pédagogie d'aujourd'hui
500 ## - GENERAL NOTE
General note Sommaire,bibliographie.
650 4# - SUBJECT ADDED ENTRY--TOPICAL TERM
Topical term or geographic name entry element Lecture
650 4# - SUBJECT ADDED ENTRY--TOPICAL TERM
Topical term or geographic name entry element Méthodologie
650 4# - SUBJECT ADDED ENTRY--TOPICAL TERM
Topical term or geographic name entry element Apprentissage de la lecture
650 4# - SUBJECT ADDED ENTRY--TOPICAL TERM
Topical term or geographic name entry element Psychopédagogie
650 4# - SUBJECT ADDED ENTRY--TOPICAL TERM
Topical term or geographic name entry element Pédagogie
942 ## - ADDED ENTRY ELEMENTS (KOHA)
Koha item type Books
Holdings
Withdrawn status Lost status Source of classification or shelving scheme Damaged status Not for loan Home library Current library Shelving location Date acquired Source of acquisition Cost, normal purchase price Total Checkouts Full call number Barcode Date last seen Copy number Price effective from Koha item type
    Dewey Decimal Classification     مكتبة دار المعلمين و المعلمات - النبطية مكتبة دار المعلمين و المعلمات - النبطية Salle de Lecture 03/01/2006 Ambassade de France 138.00   372.4 FIJ. CRN1068 07/28/2016 1 07/28/2016 Books
    Dewey Decimal Classification     مكتبة دار المعلمين و المعلمات - جونية مكتبة دار المعلمين و المعلمات - جونية Salle de Lecture 03/01/2006 Ambassade de France 138.00   372.4 FIJ. CRJ1068 07/27/2016 1 07/27/2016 Books
    Dewey Decimal Classification     مكتبة دار المعلمين و المعلمات - زحلة مكتبة دار المعلمين و المعلمات - زحلة Salle de Lecture 10/03/2005 Amb. de France 18.45   370.15 FIJ CRZ192 07/26/2016 1 07/26/2016 Books
    Dewey Decimal Classification     مكتبة دار المعلمين و المعلمات - صيدا مكتبة دار المعلمين و المعلمات - صيدا Salle de Lecture 05/29/2006 Ambassade de France 138.00   028.5 FIJ CRS953 07/28/2016 1 07/28/2016 Books